Most densely populated US metro areas - Statistics

General Stats
  • This quiz has been taken 945 times
  • The average score is 10 of 15
Answer Stats
Population (2019 estimate) Area (sq mi) Density (per sq mi) Metro area % Correct
19,216,182 6,686.9 2,873.7 New York, NY
100%
13,214,799 4,848.5 2,725.6 Los Angeles, CA
97%
9,458,539 7,196.8 1,314.3 Chicago, IL
95%
4,873,019 3,487.4 1,397.3 Boston, MA
92%
6,166,488 5,077.3 1,214.5 Miami, FL
91%
4,731,803 2,470.6 1,915.3 San Francisco, CA
90%
6,102,434 4,602.1 1,326.0 Philadelphia, PA
87%
4,319,629 3,888.4 1,110.9 Detroit, MI
77%
2,800,053 2,601.5 1,076.3 Baltimore, MD
74%
3,194,831 2,513.4 1,271.1 Tampa, FL
61%
1,575,179 1,454.8 1,082.8 Milwaukee, WI
51%
974,563 600.7 1,622.3 Honolulu, HI
47%
943,332 624.9 1,509.6 Bridgeport, CT
23%
854,757 604.5 1,414.0 New Haven, CT
22%
367,430 224.6 1,636.2 Trenton, NJ
14%
No matching quizzes found
Score Distribution
Percent of People with Each Score
Percentile by Number Answered
Your Score History
You have not taken this quiz